Biblioteca

De la mano con los niños (Registro nro. 66031)

Detalles MARC
000 -LÍDER
Campo fijo de descripción fija 01662nam a2200349 i 4500
001 - NÚMERO DE CONTROL
Campo de control 768714001
003 - IDENTIFICADOR DEL NÚMERO DE CONTROL
Campo de control CO-MdFUSB
005 - FECHA Y HORA DE LA ULTIMA TRANSACCIÓN
control field 20210924122705.0
007 - CAMPO FIJO DE DESCRIPCIÓN FIJA--INFORMACIÓN GENERAL
Campo fijo de descripción fija ta
008 - ELEMENTOS DE LONGITUD FIJA -- INFORMACIÓN GENERAL
Campo fijo de descripción fija -- Información general 200604t2013 ck a|||| |||| 00| 0 spa d
020 ## - NÚMERO INTERNACIONAL NORMALIZADO PARA LIBROS
Número Internacional Normalizado del libro 9586070432
040 ## - FUENTE DE CATALOGACIÓN
Agencia de catalogación original CO-MdFUSB
Idioma de catalogación spa
Agencia que realiza la transcripción CO-MdFUSB
Agencia que realiza la modificación CO-MdFUSBC
Convenciones de la descripción rda
041 ## - CÓDIGO DE IDIOMA
Código de idioma para texto/pista de sonido o título separado spa
082 ## - NÚMERO DE CLASIFICACIÓN DECIMAL DEWEY
Número de la edición del Dewey 23
Número de clasificación 155.937
Clave de autor-Numero de item SI572
100 ## - ASIENTO PRINCIPAL--NOMBRE PERSONAL
Nombre personal Sierra Uribe, Gloria
Término relacionador autor
245 16 - TÍTULO
Título del Material De la mano con los niños
Parte restante del título - Subtitulo : acompañamiento integral en el duelo infantil
Mención de responsabilidad, etc. / Gloria Sierra Uribe , Maribel Rendón Orozco
264 #1 - PRODUCCIÓN, PUBLICACIÓN, DISTRIBUCIÓN, MANUFACTURA, Y COPYRIGHT
Lugar de producción, publicación, distribución, manufactura Bogotá, Colombia :
Nombre del productor, publicador, distribuidor San Pablo,
Fecha de producción, publicación, distribución, manufactura, o copyright [2013]
264 #4 - PRODUCCIÓN, PUBLICACIÓN, DISTRIBUCIÓN, MANUFACTURA, Y COPYRIGHT
Fecha de producción, publicación, distribución, manufactura, o copyright ©2013
300 ## - DESCRIPCIÓN FÍSICA
Dimensiones 109 páginas ;
Extensión 21 cm
336 ## - TIPO DE CONTENIDO
Fuente rdacontent
Término de tipo de contenido texto
Código de tipo de contenido txt
337 ## - TIPO DE MEDIO
Fuente rdamedia
Nombre del tipo de medio sin mediación
Código del tipo de medio n
338 ## - TIPO DE SOPORTE
Fuente rdacarrier
Nombre del tipo de soporte volumen
Código Tipo de soporte nc
490 ## - MENCIÓN DE SERIE
Mención de serie Colección Renacer
505 ## - NOTA DE CONTENIDO
Nota de contenido con formato preestablecido Reconociendo el duelo de un niño -- El camino del duelo: los primeros pasos -- Los niños y las niñas tienen la palabra -- Duelos son resolver: niños atrapados casos difíciles -- Duelo en niños abandonados: la esperanza del reencuentro -- El suicidio infantil drama sin fin -- Acompañamiento con brújula -- Bibliografía
520 4# - NOTA DE RESUMEN, ETC.
Nota de sumario, etc. Es una apuesta a la visibilidad de estos en los momentos de dolor y pérdida. Los adultos, sumidos en sus propios procesos, olvidan facilmente que el menor está también inmerso en sus propios sentimientos y emociones, los cuales pueden pasar desapercibidos gracias a la magia transitoria del juego.
563 ## - NOTA DE ENCUADERNACIÓN
Nota de encuadernación Rústico
650 #7 - ASIENTO SECUNDARIO DE MATERIA - TERMINO TEMÁTICO
9 (RLIN) 2655
Término temático o nombre geográfico como elemento de entrada Niños
Subdivisión general Psicología
653 ## - TÉRMINO DE INDIZACIÓN - NO CONTROLADO
Término no controlado Duelo -- niños.
700 ## - ASIENTO SECUNDARIO - NOMBRE PERSONAL
9 (RLIN) 4169
Nombre personal Rendón Orozco, Maribel Cristina
Responsabilidad autor
942 ## - TIPO DE MATERIAL (KOHA)
Tipo de Item KOHA Libros General
945 ## - INFORMACIÓN LOCAL DEL REGISTRO
Catalogador Dani
Existencias
Estado de Material Estado de Perdido Forma de Clasificación Estado de Dañado No para Préstamo Colección Biblioteca de Origen Biblioteca Permanente Fecha de Adquisición Área Total de Préstamos Signatura Topográfica Código de Barras Última vez visto Ejemplar/Existencia Fecha de Remplazo Tipo de Material
    Dewey Decimal Classification     Colección General Biblioteca FUSBC Biblioteca FUSBC 04/06/2020 PSICOLOGÍA   G 155.937 SI572d 11003 04/06/2020 Ej.1 04/06/2020 Libros General

Biblioteca FUSBC | Teléfono: (57+4) 349 88 10 Ext. 141| WhatsApp (+57) 3005338115 
E-mail: biblioteca@unisbc.edu.co | Calle 76 87-14 Robledo Palenque, Medellín, Colombia

Con tecnología Koha